[Event "European Youth Chess Championship B16"]
[Site "Prague, Top Hotel Prague"]
[Date "2012.08.25"]
[Round "9.42"]
[White "Cap, Adam"]
[Black "Oliver, Martin"]
[Result "1/2-1/2"]
[WhiteElo "2074"]
[BlackElo "1838"]
[PlyCount "81"]
[EventDate "2012.08.17"]

1. e4 c6 2. d4 d5 3. Nc3 dxe4 4. Nxe4 Bf5 5. Ng3 Bg6 6. h4 h6 7. h5 Bh7 8. Nf3
Nd7 9. Bd3 Bxd3 10. Qxd3 e6 11. Bd2 Ngf6 12. O-O-O Be7 13. c4 O-O 14. Ne4 b5
15. Nxf6+ Nxf6 16. Ne5 bxc4 17. Qxc4 Qd5 18. Qxd5 cxd5 19. f3 Bd6 20. Nd3 Rfc8+
21. Kb1 Rc4 22. Be3 Rac8 23. g4 a5 24. Rc1 a4 25. b3 Rb8 26. Kb2 Kf8 27. Rhe1
Ke7 28. Re2 Nd7 29. Rec2 Rxc2+ 30. Rxc2 Nb6 31. Kc1 Ba3+ 32. Kd2 axb3 33. axb3
Nd7 34. Rc3 Bb4 35. Nxb4 Rxb4 36. Rd3 Nb8 37. Kc3 Nc6 38. Rd1 f6 39. Ra1 Rb7
40. f4 e5 41. fxe5 1/2-1/2

[Event "European Youth Chess Championship B16"]
[Site "Prague, Top Hotel Prague"]
[Date "2012.08.25"]
[Round "9.43"]
[White "Zakrzheuski, Vladislav"]
[Black "Kisic, Bozidar"]
[Result "0-1"]
[WhiteElo "1849"]
[BlackElo "2065"]
[PlyCount "52"]
[EventDate "2012.08.17"]

1. c4 Nf6 2. Nc3 g6 3. e4 d6 4. d4 Bg7 5. Be2 O-O 6. g4 c5 7. d5 b5 8. g5 Nfd7
9. Nxb5 Na6 10. a3 Nc7 11. Rb1 Nxb5 12. cxb5 a6 13. bxa6 Bxa6 14. Bxa6 Qa5+ 15.
b4 Qxa6 16. Qe2 Qb7 17. Bb2 Bxb2 18. Qxb2 Ne5 19. Qb3 Qb5 20. Ne2 cxb4 21. axb4
Nd3+ 22. Kf1 Nf4 23. Qe3 e5 24. Re1 Ra2 25. Rg1 Rc8 26. Rg4 Rxe2 0-1

[Event "European Youth Chess Championship B16"]
[Site "Prague, Top Hotel Prague"]
[Date "2012.08.25"]
[Round "9.47"]
[White "Vaculik, Jakub"]
[Black "Shpakovsky, Kirill"]
[Result "1/2-1/2"]
[WhiteElo "1850"]
[BlackElo "1760"]
[PlyCount "89"]
[EventDate "2012.08.17"]

1. d4 Nf6 2. Nf3 g6 3. g3 Bg7 4. Bg2 O-O 5. O-O d5 6. c3 b6 7. a4 a5 8. Na3
Nbd7 9. Bf4 c6 10. Ne5 Nxe5 11. Bxe5 Bf5 12. Re1 Bh6 13. Bxf6 exf6 14. e4 dxe4
15. Bxe4 Bxe4 16. Rxe4 f5 17. Re2 f4 18. Qd3 Qd7 19. Qf3 fxg3 20. hxg3 Rae8 21.
Rae1 Rxe2 22. Qxe2 c5 23. dxc5 bxc5 24. Nb5 Rd8 25. Qc4 Qf5 26. Qe4 Qxe4 27.
Rxe4 Rd1+ 28. Kg2 Rd2 29. b3 Rb2 30. Kf3 Rxb3 31. Re8+ Kg7 32. Rc8 Rb2 33. Rxc5
Bd2 34. Re5 Kf6 35. Re2 Kg5 36. Kg2 f5 37. c4 Bc1 38. Rxb2 Bxb2 39. Kf3 Kf6 40.
c5 Ke6 41. c6 h5 42. Ke3 g5 43. f3 Ke7 44. Kf2 Be5 45. Kg2 1/2-1/2

[Event "European Youth Chess Championship B16"]
[Site "Prague, Top Hotel Prague"]
[Date "2012.08.25"]
[Round "9.48"]
[White "Skalicky, Tomas"]
[Black "Pricopie, Stefan"]
[Result "1-0"]
[WhiteElo "2022"]
[BlackElo "1616"]
[PlyCount "51"]
[EventDate "2012.08.17"]

1. c4 f5 2. Nc3 Nf6 3. g3 d6 4. Bg2 g6 5. e3 Bg7 6. Nge2 e5 7. O-O O-O 8. d3 g5
9. f4 exf4 10. exf4 g4 11. Be3 c6 12. Qd2 Na6 13. Rfe1 Bd7 14. Rab1 Nc7 15. b4
d5 16. b5 b6 17. bxc6 Bxc6 18. Nd4 Bd7 19. cxd5 Rc8 20. Nc6 Bxc6 21. dxc6 Nfd5
22. Nd1 Nxe3 23. Nxe3 Bd4 24. Kh1 h5 25. Rb4 a5 26. Bd5+ 1-0

[Event "European Youth Chess Championship B16"]
[Site "Prague, Top Hotel Prague"]
[Date "2012.08.25"]
[Round "9.50"]
[White "Melichar, Vojtech"]
[Black "Thorpe, Thomas"]
[Result "1-0"]
[WhiteElo "1737"]
[BlackElo "1829"]
[PlyCount "55"]
[EventDate "2012.08.17"]

1. e4 c5 2. Nf3 Nc6 3. d4 cxd4 4. Nxd4 g6 5. Nc3 Bg7 6. Be3 Nf6 7. Be2 O-O 8.
O-O d5 9. exd5 Nxd5 10. Nxd5 Qxd5 11. Bf3 Qa5 12. Nxc6 bxc6 13. c3 Rb8 14. Qc1
c5 15. Re1 e5 16. b4 cxb4 17. cxb4 Qa4 18. Bc6 Qa6 19. b5 Qa5 20. Bc5 Rd8 21.
Qe3 e4 22. Rad1 Rxd1 23. Rxd1 Bg4 24. Qf4 Be5 25. Qxe5 Bxd1 26. Qxb8+ Kg7 27.
Bf8+ Kf6 28. Qf4+ 1-0

[Event "European Youth Chess Championship B16"]
[Site "Prague, Top Hotel Prague"]
[Date "2012.08.25"]
[Round "9.53"]
[White "Adamciak, Tomas"]
[Black "Liduch, Filip"]
[Result "1/2-1/2"]
[WhiteElo "1839"]
[BlackElo "1683"]
[PlyCount "81"]
[EventDate "2012.08.17"]

1. e4 e5 2. Nf3 Nc6 3. Bc4 Nf6 4. d3 Bc5 5. Nc3 d6 6. Be3 Bb6 7. O-O Bg4 8. h3
Be6 9. Bb3 O-O 10. Bxb6 axb6 11. Nh2 Nd4 12. Bxe6 fxe6 13. Ne2 Nxe2+ 14. Qxe2
Qe8 15. f4 exf4 16. Rxf4 e5 17. Rf2 Qe6 18. a3 Nd7 19. Raf1 Rxf2 20. Rxf2 Rf8
21. Ng4 Rxf2 22. Qxf2 Qf7 23. Ne3 Qxf2+ 24. Kxf2 Nf6 25. a4 Kf7 26. c3 g6 27.
b4 Ke6 28. Kf3 d5 29. exd5+ Nxd5 30. Nxd5 Kxd5 31. Ke3 c5 32. c4+ Ke6 33. bxc5
bxc5 34. Ke4 b6 35. g4 Kd6 36. Ke3 Ke6 37. Ke4 Kd6 38. Ke3 Ke6 39. Ke4 Kd6 40.
Ke3 Ke6 41. Ke4 1/2-1/2